000
00252nam a2200085Ia 4500
245
0
_a
The spirit of African leadership
100
_a
MBIGI, Lovemore Randburg, South Africa, 2005
_9
23623
942
_c
BK
008
210818s9999 xx 000 0 und d
999
_c
441252
_d
441251